Statistiques concernant TOP 135 - Stargrinders in Geometry Dash - (28th June 2020)

Cliquez ici pour prendre le quiz!

Statistiques générales

  • Ce quiz a été pris 23 fois
  • Le résultat moyen est 16 sur 135

Statistiques - réponses

TOPNumer of starsRéponse% Correct
2488.333MrSpaghetti
81%
9119.840Smiffy777
75%
1135.422Cool Dash
69%
5126.107Gormuck
69%
7161.616Michigun
56%
10104.842shaggy23
44%
2884.262volplay
31%
7122.037JonathanGoni
25%
6125.643Steekmen
25%
4132.927Superchat
25%
16101.010xMiguel007
25%
3083.063Aliago
19%
12745.700Arquas
19%
3778.617linooo
19%
4575.424Lugunium
19%
12845.406Partition
19%
10351.666paultam
19%
3133.578Pepper360
19%
2388.888R0yaLe
19%
11748.055AutoNick
13%
4773.970AX7520
13%
5271.657BlueRigel
13%
4674.608Caxami15
13%
5371.563Cynx 13
13%
5569.449DarkStyle
13%
14101.583DeathHogz
13%
13045.105Destrowo
13%
17100.723DogGoesWoof
13%
12104.785FarzzZinjj
13%
13104.516Franchet
13%
15101.221GK NK 98
13%
6465.498God Of Music
13%
7859.803granada333
13%
6366.041ItzLightningGD
13%
9555.017Jolt10
13%
3481.818JuMpErZ
13%
8458.023jumpyball12
13%
2983.160Kaernk
13%
6267.121KaloNoodles
13%
3282.438Kattah
13%
9056.000Leksitoo
13%
2289.202Leviax
13%
2784.961MrAlienation
13%
18100.029NamelessCloud
13%
6167.651Octeract
13%
8121.447PuFfice
13%
2685.573SowunGD
13%
4873.822SuperSNSD
13%
1999.629SwfCapsLock
13%
2133.590XShadowWizardX
13%
10750.415Zoroa
13%
12346.449abdula
6%
10451.156Akame GD
6%
13144.488ArC4NiN
6%
9255.522AzaFTW
6%
7360.802Blastbolt
6%
6067.703BlasterLizard
6%
13444.088BrunnieUrsi
6%
6564.042carapa22
6%
7460.775Catel
6%
4973.577Changeable
6%
4176.700ChocoPenguin
6%
7959.280Coffee081
6%
12945.270COLDFIRE
6%
9952.721CSXX1
6%
8358.230DannyTheHunter
6%
13344.147Darkchallenger
6%
12047.441Demolishers21
6%
5072.688depogo
6%
12446.407diamondstorm
6%
9853.453DiLeMa
6%
10152.130Doopin
6%
12546.136DrSlurrp
6%
5768.896Dysbelief
6%
11104.798Eichorn
6%
5669.258epilo
6%
12246.500Epsima
6%
7760.162Eraloss
6%
9653.956FatieloCalvicio
6%
8756.250Fiirehd
6%
9753.582Fnnm3r
6%
5968.558gdnon
6%
10950.000Hatedern
6%
5868.827Hydren
6%
4077.060iIMarcosIi
6%
11049.517iMaT
6%
5172.398Iminguendo
6%
13244.370iNeo
6%
6862.425iRexz
6%
3382.416IRictor
6%
10850.400iThunder12
6%
9455.140Itzamatniki
6%
10550.963Jerdan
6%
3581.249JoshueMas
6%
3977.242kbr15
6%
7560.706KemFreerun
6%
10052.532Kicek8632
6%
9155.745Krokki
6%
11947.447KryTech
6%
11847.896lDashy
6%
7061.836maks550a
6%
7660.453Memodarkness
6%
4375.693Mineber
6%
8258.712MinicMioda
6%
8556.536Misstie
6%
3183.000Nergew
6%
6762.814Nine GD
6%
9355.304NotCreepy
6%
2587.912PaidDemon
6%
11348.646PaulHinrichs
6%
8856.220pg1004
6%
8059.024PiaNoMen
6%
3878.560PokerBingo
6%
12645.801Pyromanse
6%
4276.633Rakamakafo
6%
12147.107Revaus7
6%
8656.345Riki Dash
6%
10650.864Roby GD
6%
10252.027RpgRaketti
6%
8956.164Samiversal
6%
8158.789Shig
6%
4475.558Sillow
6%
2097.517spikethefurry
6%
11548.075SP ValuE
6%
6961.850sumnolia
6%
11648.062Syakin
6%
11448.169SylntNyt
6%
2190.151TakamaruSenshi
6%
6663.480tornado923
6%
13544.085Waffl3zrul3
6%
5470.834Wakingdead
6%
11149.265Wishbone
6%
7261.564Wod
6%
3679.439Xalton
6%
11248.937ysj1005
6%

Distribution des résultats

Percentile par nombre de réponses

% des personnes avec chaque résultat

Votre développement - résultats

Vous n’avez pas pris ce quiz